Documents administratius : models i comentaris lingüístics models i comentaris lingüístics
Descripción Física:
162 pàgines : 30 cm
MARC
| LEADER | 00000nam a2200000Ia 4500 | ||
|---|---|---|---|
| 001 | 12418 | ||
| 008 | 160829s1999 xx 000 0 cat d | ||
| 080 | |a FOL-1-49 | ||
| 110 | 1 | |a Barcelona (Catalunya : Província). |b Diputació |9 52408 | |
| 245 | |a Documents administratius : |b models i comentaris lingüístics | ||
| 250 | |a Primera edició | ||
| 260 | |a Barcelona : |b Diputació de Barcelona, |c juliol de 1999 | ||
| 300 | |a 162 pàgines : |c 30 cm | ||
| 590 | |a Aquest llibre es presenta dins una carpeta juntament amb aquest altre: 'Manual d'aplicació de la imatge corporativa' | ||
| 610 | 1 | 0 | |9 53960 |a Barcelona (Catalunya : Província). |b Diputació |x Documents administratius |
| 650 | 0 | |a Documents administratius |x Redacció |z Barcelona (Catalunya : Província) |9 53959 | |
| 901 | |a Arxiu | ||
| 942 | |n 1 |2 udc |c ARXIU | ||
| 952 | |0 0 |1 0 |4 0 |6 FOL149 |7 1 |9 42415 |a Arxiu |b Arxiu |d 2016-12-01 |l 0 |o FOL-1-49 |p 12418 |r 2016-12-01 00:00:00 |w 2016-12-01 |y ARXIU | ||
| 999 | |c 44920 |d 44920 | ||